| 000 | 00992cam a22003011 4500 | ||
|---|---|---|---|
| 001 | 27353 | ||
| 003 | BD-RjUL | ||
| 005 | 20211209051138.0 | ||
| 008 | 140325s1968 lau b 001 0 eng d | ||
| 035 | _a(BD-RjUL)27426 | ||
| 040 |
_aDLC _cDLC _dDLC _dBD-RjUL _beng |
||
| 041 | _aeng | ||
| 082 | 0 | 0 |
_a976.206 _bGAR 1968 |
| 100 | 1 |
_aGarner, James Wilford, _d1871-1938. _984017 |
|
| 245 | 1 | 0 |
_aReconstruction in Mississippi / _c James Wilford Garner. |
| 260 |
_aBaton Rouge : _bLouisiana State University Press, _c1968. |
||
| 300 |
_axiii, 422 p. ; _c22 cm. |
||
| 350 | _a3.95 | ||
| 490 | 0 |
_aLouisiana paperbacks, _vL-37 |
|
| 500 | _aReprint of the 1901 ed., with a new introd. by R. N. Current. | ||
| 504 | _aBibliographical footnotes. | ||
| 504 | _aIncludes Index | ||
| 650 | 0 |
_aReconstruction (U.S. history, 1865-1877) _zMississippi. _983940 |
|
| 651 | 0 |
_aMississippi _xHistory _yCivil War, 1861-1865. _984018 |
|
| 942 |
_2ddc _cBK |
||
| 999 |
_c27353 _d27353 |
||